Data Structures and Algorithms - I Sem - III (Record no. 47416)
[ view plain ]
| 000 -LEADER | |
|---|---|
| fixed length control field | 00522nam a2200193Ia 4500 |
| 008 - FIXED-LENGTH DATA ELEMENTS--GENERAL INFORMATION | |
| fixed length control field | 220531s9999 xx 000 0 und d |
| 020 ## - INTERNATIONAL STANDARD BOOK NUMBER | |
| International Standard Book Number | 978-93-90225-44-6 |
| 041 ## - LANGUAGE CODE | |
| Language code of text/sound track or separate title | eng |
| 082 ## - DEWEY DECIMAL CLASSIFICATION NUMBER | |
| Classification number | - |
| Item number | DAT / BHA |
| 100 ## - MAIN ENTRY--PERSONAL NAME | |
| Personal name | Bharambe, M. |
| 9 (RLIN) | 86318 |
| 245 ## - TITLE STATEMENT | |
| Title | Data Structures and Algorithms - I Sem - III |
| 250 ## - EDITION STATEMENT | |
| Edition statement | .1st |
| 260 ## - PUBLICATION, DISTRIBUTION, ETC. (IMPRINT) | |
| Place of publication, distribution, etc. | Pune |
| Name of publisher, distributor, etc. | Nirali |
| Date of publication, distribution, etc. | 2020 |
| 300 ## - PHYSICAL DESCRIPTION | |
| Extent | 5.54 |
| 542 ## - INFORMATION RELATING TO COPYRIGHT STATUS | |
| Copyright holder | 12-12-2020 |
| 650 ## - SUBJECT ADDED ENTRY--TOPICAL TERM | |
| Topical term or geographic name as entry element | Data Structures |
| 9 (RLIN) | 86319 |
| 906 ## - LOCAL DATA ELEMENT F, LDF (RLIN) | |
| c | S.Y.B.S.C.(Comp.) |
| d | 2020-2021 |
| f | 18941 |
| Withdrawn status | Lost status | Source of classification or shelving scheme | Damaged status | Not for loan | Collection code | Home library | Current library | Date acquired | Vendor | Cost, normal purchase price | Total Checkouts | Total Holds | Full call number | Barcode | Date last seen | Date last checked out | Cost, replacement price | Bill Date | Koha item type | Original Barcode |
|---|---|---|---|---|---|---|---|---|---|---|---|---|---|---|---|---|---|---|---|---|
| Dewey Decimal Classification | Shri Siddhivinayak Mahila Mahavidyalaya | Shri Siddhivinayak Mahila Mahavidyalaya | 12/12/2020 | Nirali | 340.00 | 7 | 5 | -/DAT/BHA/B/30135 | SSMM-BK-30135 | 10/12/2025 | 09/12/2025 | 340.00 | 06/08/2022 | Books | 010030135 | |||||
| Dewey Decimal Classification | Shri Siddhivinayak Mahila Mahavidyalaya | Shri Siddhivinayak Mahila Mahavidyalaya | 12/12/2020 | Nirali | 340.00 | 3 | 5 | -/DAT/BHA/B/30136 | SSMM-BK-30136 | 11/12/2024 | 27/11/2024 | 340.00 | 06/08/2022 | Books | 010030136 | |||||
| Dewey Decimal Classification | Shri Siddhivinayak Mahila Mahavidyalaya | Shri Siddhivinayak Mahila Mahavidyalaya | 12/12/2020 | Nirali | 340.00 | 3 | 5 | -/DAT/BHA/B/30137 | SSMM-BK-30137 | 11/12/2024 | 05/12/2024 | 340.00 | 06/08/2022 | Books | 010030137 | |||||
| Dewey Decimal Classification | Shri Siddhivinayak Mahila Mahavidyalaya | Shri Siddhivinayak Mahila Mahavidyalaya | 12/12/2020 | Nirali | 340.00 | 7 | 5 | -/DAT/BHA/B/30138 | SSMM-BK-30138 | 10/12/2025 | 08/12/2025 | 340.00 | 06/08/2022 | Books | 010030138 | |||||
| Dewey Decimal Classification | Shri Siddhivinayak Mahila Mahavidyalaya | Shri Siddhivinayak Mahila Mahavidyalaya | 12/12/2020 | Nirali | 340.00 | 7 | 5 | -/DAT/BHA/B/30139 | SSMM-BK-30139 | 18/08/2025 | 08/08/2025 | 340.00 | 06/08/2022 | Books | 010030139 |